Vybrané výsledky 25. kola periodických aukcií v RM-Systéme Praha

Abecedne usporiadaný zoznam emitentov-účastinných spoločností, s ktorých účastinami sa obchodovalo v RM-Systéme Praha v 25. aukčnom kole.

Salvato in:
Dettagli Bibliografici
Natura: Capitolo di libro
Lingua:slovacco
Soggetti:
Tags: Aggiungi Tag
Nessun Tag, puoi essere il primo ad aggiungerne!!

MARC

LEADER 00000naa a2200000 4500
001 r016161
005 20221213114738.9
041 0 |a slo 
044 |a SK 
245 1 0 |a Vybrané výsledky 25. kola periodických aukcií v RM-Systéme Praha 
520 |a Abecedne usporiadaný zoznam emitentov-účastinných spoločností, s ktorých účastinami sa obchodovalo v RM-Systéme Praha v 25. aukčnom kole. 
610 2 0 |a trh kapitálový 
610 2 0 |a Česko 
610 2 0 |a RM-Systém Praha 
610 2 0 |a aukcie 
610 2 0 |a papiere cenné 
610 2 0 |a ceny 
610 2 0 |a spoločnosti akciové 
610 2 0 |a obchody mimoburzové